[Event "45th FIDE Chess Olympiad Open"]
[Site "Budapest, Hungary"]
[Date "2024.09.11"]
[Round "1.152"]
[White "Mutuge Ian"]
[Black "Kurmann, Oliver"]
[Result "0-1"]
[WhiteElo "1938"]
[BlackElo "2421"]
[PlyCount "80"]
[EventDate "2024.??.??"]
[WhiteTeam "Kenya"]
[BlackTeam "Switzerland"]
[WhiteTeamCountry "KEN"]
[BlackTeamCountry "SUI"]
[WhiteClock "0:00:39"]
[BlackClock "0:01:28"]

1. e4 c5 2. Nf3 Nc6 3. Bb5 e6 4. c3 Qb6 5. Bd3 ({RR} 5. Na3 a6 6. Be2 d5 7. e5 Nge7 8. O-O c4 9. d4 cxd3 10. Bxd3 Ng6 11. Re1 Bc5 12. Qe2 Bd7 13. Nc2 Qc7 14. h4 f6 15. exf6 gxf6 16. Ncd4 e5 17. Nxc6 Bxc6 18. Bf5 Ne7 19. Be6 Qd6 {Durarbayli,V (2612)-Theodorou,N (2598) chess.com INT 2022 1-0 (39)}) ({RR} 5. a4 a6 6. Bxc6 Qxc6 7. O-O Qxe4 8. d4 cxd4 9. cxd4 Nf6 10. Nc3 Qc6 11. d5 Nxd5 12. Nxd5 Qxd5 13. Qxd5 exd5 14. Re1+ Be7 15. Bf4 d6 16. Rac1 Be6 17. Rc7 Rb8 18. Nd4 Kd8 19. Rxe6 fxe6 {Urazayev,A (2476)-Ahmad,K (2318) chess.com INT 2024 1-0 (46)}) 5... g6 $146 ({RR} 5... Nf6 6. O-O Be7 7. e5 Ng4 8. Re1 Qc7 9. Qe2 d6 10. exd6 Bxd6 11. h3 Nge5 12. Bc2 c4 13. b3 O-O 14. bxc4 Nxf3+ 15. Qxf3 Ne5 16. Qe4 f5 17. Qe2 Nxc4 18. Bb3 b5 19. a4 Kh8 20. axb5 {Prydun,A (2129)-Pinheiro,I (2320) Chess.com INT 2022 1-0 (43)}) 6. O-O Bg7 7. Na3 Nge7 8. Bc2 d5 9. d3 O-O 10. Qe1 h6 11. h3 e5 12. exd5 Nxd5 13. Nc4 Qc7 14. a4 Be6 15. Bd2 Rfe8 16. Qc1 Nf4 17. Bxf4 exf4 18. Re1 Rad8 19. Ncd2 b6 20. Re2 a6 21. Qe1 b5 22. axb5 axb5 23. Bb3 Bd7 24. Ne4 Ne5 25. Nxe5 Rxe5 26. d4 cxd4 27. cxd4 Ree8 28. Rc1 Qb8 29. d5 f3 30. gxf3 Qf4 31. Kg2 Bxh3+ 32. Kxh3 Qxf3+ 33. Ng3 Rxe2 34. Qxe2 Qxb3 35. d6 Rxd6 36. Rc8+ Kh7 37. Kg2 Qd5+ 38. Kh2 Re6 39. Qc2 Bd4 40. Rc7 Rf6 0-1

[Event "45th FIDE Chess Olympiad Open"]
[Site "Budapest, Hungary"]
[Date "2024.09.11"]
[Round "1.153"]
[White "Saah, Thomas"]
[Black "Fier, Alexandr"]
[Result "0-1"]
[WhiteElo "1939"]
[BlackElo "2551"]
[PlyCount "80"]
[EventDate "2024.??.??"]
[WhiteTeam "Liberia"]
[BlackTeam "Brazil"]
[WhiteTeamCountry "LBR"]
[BlackTeamCountry "BRA"]
[WhiteClock "1:18:35"]
[BlackClock "1:13:49"]

1. e4 c5 2. Nc3 Nc6 3. f4 g6 4. Nf3 Bg7 5. Bc4 e6 6. O-O Nge7 7. Qe1 O-O 8. e5 d5 ({RR} 8... Nf5 9. Ne4 d5 10. exd6 Ncd4 11. Nxd4 Nxd4 12. Qd1 b5 13. Be2 Bb7 14. Nxc5 Qb6 15. Nxb7 Nxe2+ 16. Kh1 Nxc1 17. Qxc1 Qxb7 18. c3 Rfd8 19. d4 Rxd6 20. a3 a5 21. Qe3 Rad8 22. h3 b4 23. axb4 {Karas,M (2231)-Pino Perez,L (2142) chess.com INT 2023 0-1 (48)}) 9. Be2 ({RR} 9. exd6 Nf5 10. d3 Nxd6 11. Be3 Nxc4 12. dxc4 b6 13. Rd1 Qe7 14. Qg3 Na5 15. f5 Nxc4 16. Bf4 Bb7 17. fxg6 fxg6 18. b3 Bxc3 19. bxc4 Qg7 20. Rd6 Rae8 21. Qh4 Bxf3 22. Rxf3 Bd4+ 23. Kh1 Rxf4 {Hernando Rodrigo,J (2275)-Gual Pascual,A (2390) Barcelona 1996 ½-½ (40)}) 9... a6 $146 ({RR} 9... Nf5 10. d3 Nfd4 11. Bd1 b5 12. Ne2 Nxf3+ 13. Rxf3 f6 14. exf6 Qxf6 15. Qf2 Qe7 16. Be3 d4 17. Bd2 e5 18. h3 Bb7 19. Ng3 exf4 20. Rxf4 Rxf4 21. Qxf4 Rf8 22. Qg5 Qxg5 23. Bxg5 h6 24. Bd2 {Sargin,A (2076)-Erlbeck,P (2042) Germany 2012 ½-½ (35)}) 10. d3 b5 11. Nd1 Nb4 12. Qd2 d4 13. a3 Nbd5 14. Ng5 Nf5 15. Ne4 Qb6 16. Qe1 h5 17. g4 hxg4 18. Bxg4 Bb7 19. Bxf5 exf5 20. Ng5 f6 21. exf6 Nxf6 22. Qe6+ Qxe6 23. Nxe6 Rfe8 24. Nxc5 Bd5 25. Bd2 Re2 26. Rf2 Rae8 27. h3 Nh5 28. b3 Bf6 29. c4 dxc3 30. Nxc3 Rxf2 31. Kxf2 Bd4+ 32. Be3 Bxe3+ 33. Ke1 Bxc5+ 34. Kd1 Bxb3+ 35. Kc1 Bd4 36. Kb2 Ba4 37. Rc1 Nxf4 38. Kb1 Nxd3 39. Nxa4 Nxc1 40. Kxc1 bxa4 0-1

[Event "45th FIDE Chess Olympiad Open"]
[Site "Budapest, Hungary"]
[Date "2024.09.11"]
[Round "1.154"]
[White "Quintiliano, Renato R."]
[Black "Harmon, Barcon"]
[Result "1-0"]
[WhiteElo "2499"]
[BlackElo "1968"]
[PlyCount "99"]
[EventDate "2024.??.??"]
[WhiteTeam "Brazil"]
[BlackTeam "Liberia"]
[WhiteTeamCountry "BRA"]
[BlackTeamCountry "LBR"]
[WhiteClock "0:17:18"]
[BlackClock "0:03:48"]

1. d4 Nf6 2. c4 e6 3. g3 d5 4. Bg2 Be7 5. Nf3 O-O 6. O-O c6 7. Nbd2 Nbd7 8. Qc2 Re8 9. Rd1 Bf8 10. e4 dxe4 11. Nxe4 Nxe4 12. Qxe4 Nf6 13. Qc2 h6 14. Bf4 Bd6 15. Ne5 Nh5 $146 ({RR} 15... Qe7 16. a3 a5 17. Re1 Nd7 18. Rad1 Nxe5 19. dxe5 Bc7 20. Be4 Bd7 21. Qe2 Red8 22. Bc2 Qf8 23. h4 g6 24. Qe3 Kh7 25. h5 Be8 26. Kg2 Rxd1 27. Rxd1 f5 28. exf6 Bxf4 29. Qxf4 c5 30. f7 {Efanov,M (2091)-Viryasov,A (1648) Pavlodar 2013 1-0 (33)}) 16. Be3 Qc7 17. Nd3 Qd8 18. Qe2 Nf6 19. Ne5 Bd7 20. g4 Qc7 21. h4 Red8 22. g5 hxg5 23. hxg5 Nh7 24. Bf4 Be8 25. c5 Bxe5 26. Bxe5 Qe7 27. f4 f6 28. gxf6 gxf6 29. Bd6 Rxd6 30. cxd6 Qxd6 31. Rd3 Bg6 32. Be4 f5 33. Bg2 Rd8 34. Qe5 Kf7 35. Rb3 b6 36. Rc1 Qxd4+ 37. Qxd4 Rxd4 38. Rxc6 Kf6 39. Rc7 Rxf4 40. Rxa7 Rg4 41. Rxb6 Ng5 42. Ra3 f4 43. Kf1 Bf5 44. Rc3 Ne4 45. Rcc6 Nd2+ 46. Kf2 Rg3 47. Rb4 Ke5 48. Rc5+ Kd6 49. Rxf5 exf5 50. Rd4+ 1-0

[Event "45th FIDE Chess Olympiad Open"]
[Site "Budapest, Hungary"]
[Date "2024.09.11"]
[Round "1.155"]
[White "Debblay, David Leroy"]
[Black "Di Berardino, Diego Rafael"]
[Result "0-1"]
[WhiteElo "1904"]
[BlackElo "2472"]
[PlyCount "105"]
[EventDate "2024.??.??"]
[WhiteTeam "Liberia"]
[BlackTeam "Brazil"]
[WhiteTeamCountry "LBR"]
[BlackTeamCountry "BRA"]
[WhiteClock "0:00:56"]
[BlackClock "0:05:09"]

1. d4 Nf6 2. c4 e6 3. Nf3 Bb4+ 4. Bd2 a5 5. a3 Bxd2+ 6. Qxd2 b6 7. Nc3 Bb7 8. e3 O-O 9. Bd3 d5 10. cxd5 exd5 11. O-O ({RR} 11. Ne5 c5 12. O-O Nc6 13. f4 cxd4 14. Nxc6 Bxc6 15. exd4 Qd6 16. Rfe1 Rfe8 17. Re5 Nd7 18. Re3 Nf8 19. g3 Ne6 20. Rae1 h6 21. Bb1 Nf8 22. Re5 f6 23. Rxe8 Rxe8 24. Rxe8 Bxe8 25. Ba2 Bc6 {Schmakel,S (2457)-Pichot,A (2644) chess.com INT 2024 ½-½ (47)}) 11... c5 12. Rac1 Nbd7 13. Rfd1 $146 ({RR} 13. a4 Qe7 14. Rfd1 Rfd8 15. Bb5 Nf8 16. Ne5 Ng6 17. f4 Rac8 18. h3 Ne4 19. Nxe4 dxe4 20. Qf2 cxd4 21. Rxc8 Rxc8 22. Nxg6 hxg6 23. Rxd4 Bc6 24. Qc2 Bd7 25. Qxe4 Qxe4 26. Rxe4 Bxb5 27. axb5 Rc2 {Ter Sahakyan,S (2605)-Bacrot,E (2646) chess.com INT 2022 ½-½ (60)}) 13... Qe7 14. Qe2 Rfd8 15. Bb5 Qe6 16. Na4 Rac8 17. Rc2 Ne4 18. Bxd7 Rxd7 19. Ne5 Rdc7 20. Rdc1 c4 21. Nc3 Nd6 22. a4 f6 23. Nf3 Bc6 24. Qd2 Be8 25. Re1 Bh5 26. Ne2 Ne4 27. Qc1 Bxf3 28. gxf3 Ng5 29. Nf4 Nxf3+ 30. Kf1 Qg4 31. Rd1 Nxh2+ 32. Ke1 Nf3+ 33. Kf1 Rd7 34. b3 Re8 35. bxc4 Nh2+ 36. Ke1 Qxf4 37. cxd5 Ng4 38. Re2 Qf3 39. Qc6 Qxd5 40. Qxd5+ Rxd5 41. e4 Rd6 42. f3 Nh6 43. Kf2 Rc8 44. d5 g5 45. Rb1 Nf7 46. Reb2 Rc4 47. Rxb6 Rxb6 48. Rxb6 Kg7 49. Ke3 Rxa4 50. d6 Ne5 51. Rb7+ Kg6 52. Ra7 Nc4+ 53. Kd4 0-1

[Event "45th FIDE Chess Olympiad Open"]
[Site "Budapest, Hungary"]
[Date "2024.09.11"]
[Round "1.156"]
[White "Do Valle Cardoso, Lucas"]
[Black "Saah, Obediah"]
[Result "1-0"]
[WhiteElo "2364"]
[BlackElo "1976"]
[PlyCount "59"]
[EventDate "2024.??.??"]
[WhiteTeam "Brazil"]
[BlackTeam "Liberia"]
[WhiteTeamCountry "BRA"]
[BlackTeamCountry "LBR"]
[WhiteClock "0:14:38"]
[BlackClock "0:01:25"]

1. e4 c6 2. d4 d5 3. e5 c5 4. dxc5 Nc6 5. Nf3 Bg4 6. c3 e6 7. Be3 Bxf3 8. Qxf3 Nxe5 9. Bb5+ Nc6 10. O-O Nf6 11. Rd1 ({RR} 11. c4 a6 12. Ba4 Rc8 13. Rd1 Qa5 14. Nc3 dxc4 15. Qf4 Be7 16. Qxc4 O-O 17. a3 Ne5 18. Qf4 Ng6 19. Qf3 Qc7 20. b4 Nh4 21. Qf4 Qxf4 22. Bxf4 Ng6 23. Bg3 b6 24. c6 b5 25. Nxb5 axb5 {Akopian,V (2684)-Bernadskiy,V (2527) St Petersburg 2013 0-1 (33)}) ({RR} 11. c4 Qa5 12. Nc3 Be7 13. cxd5 exd5 14. b4 Qxb4 15. Nxd5 Nxd5 16. Rab1 Qa5 17. Qxd5 O-O 18. Bc4 Rad8 19. Qf5 g6 20. Qf3 Bxc5 21. Rb5 Bxe3 22. Rxa5 Nxa5 23. Bxf7+ Rxf7 24. Qxe3 Nc6 25. h4 Re7 {Rakhmangulova,A (2309)-Michelle Catherina,P (2156) FIDE Online Arena INT 2024 1-0 (49)}) 11... a6 12. Ba4 Qc7 $146 ({RR} 12... Qa5 13. Bc2 Be7 14. Qg3 O-O 15. Nd2 Rac8 16. b4 Qc7 17. Bf4 Qd7 18. Nf3 Rfd8 19. Qh3 b6 20. cxb6 Nxb4 21. Bxh7+ Nxh7 22. cxb4 Bd6 23. Ne5 Qe7 24. a4 Ng5 25. Qh4 Bxe5 26. Bxg5 f6 27. Be3 {Chernov,M (2213)-Kirillov,D (2195) chess.com INT 2022 1-0 (39)}) ({RR} 12... Qa5 13. Bc2 Be7 14. Qg3 Nh5 15. Qg4 g6 16. Nd2 O-O 17. b4 Qc7 18. Bh6 Rfe8 19. a3 Bf6 20. Rac1 Bg7 21. Bxg7 Kxg7 22. c4 f5 23. Qh4 d4 24. b5 Qd8 25. Nf3 Qxh4 26. Nxh4 axb5 27. cxb5 {Niekras,D (2326)-Szymczak,R (2007) Jastrzebia Gora 2016 ½-½ (42)}) 13. Nd2 Be7 14. b4 O-O 15. Bc2 Rfd8 16. Nb3 Qe5 17. Rac1 Qh5 18. Qxh5 Nxh5 19. a4 e5 20. b5 axb5 21. axb5 Na5 22. c6 Nc4 23. c7 Rd7 24. b6 g6 25. Ra1 Rc8 26. Nc5 Nxe3 27. Nxd7 Nxd1 28. Bxd1 Nf4 29. Nxe5 Bd6 30. Nc6 1-0

[Event "45th FIDE Chess Olympiad Open"]
[Site "Budapest, Hungary"]
[Date "2024.09.11"]
[Round "1.157"]
[White "Blomqvist, Erik"]
[Black "Ndahangwapo, Heskiel"]
[Result "1-0"]
[WhiteElo "2491"]
[BlackElo "2011"]
[PlyCount "47"]
[EventDate "2024.??.??"]
[WhiteTeam "Sweden"]
[BlackTeam "Namibia"]
[WhiteTeamCountry "SWE"]
[BlackTeamCountry "NAM"]
[WhiteClock "0:48:47"]
[BlackClock "0:19:48"]

1. e4 c5 2. Nf3 e6 3. d4 cxd4 4. Nxd4 a6 5. c4 Nf6 6. Nc3 Qc7 7. a3 Nc6 8. Be3 Ne5 9. Be2 ({RR} 9. f3 Be7 10. Rc1 O-O 11. Be2 Ng6 12. Qd2 b6 13. b4 Bb7 14. Na4 Rfb8 15. c5 bxc5 16. Nxc5 Qd8 17. O-O Bf8 18. Rfd1 d5 19. Nxb7 Rxb7 20. Nc6 Qe8 21. e5 Rc7 22. b5 Nd7 23. Ne7+ Nxe7 {Dominguez Perez,L (2734)-Svidler,P (2747) St Petersburg 2012 ½-½ (54)}) 9... h5 10. h3 Nxc4 $146 ({RR} 10... Ng6 11. O-O Bd6 12. Rc1 Bh2+ 13. Kh1 Bf4 14. Bxf4 Nxf4 15. Qd2 g5 16. c5 Ng4 17. Nf3 Qxc5 18. hxg4 hxg4+ 19. Nh2 Qf8 20. Qe3 Qh6 21. Qg3 f5 22. exf5 exf5 23. Rfe1 Kf8 24. Kg1 Nxe2+ 25. Nxe2 {Sedina,E (2325)-Stepak,Y (2330) Italy 1996 1-0 (37)}) ({RR} 10... Bc5 11. f4 Bxd4 12. Qxd4 Nc6 13. Qd3 g5 14. e5 gxf4 15. Bxf4 Nxe5 16. Qd4 d6 17. c5 Qd8 18. cxd6 Nc6 19. Qe3 Qa5 20. O-O Rg8 21. b4 Qf5 22. Bd3 Nd5 23. Bxf5 Nxe3 24. Bxe3 exf5 25. Nd5 {Klimek,M (1881)-Binkowska,A (1871) Wroclaw POL 2024 1-0}) ({RR} 10... Bc5 11. b4 Ba7 12. Rc1 Ng6 13. Qd2 b6 14. f4 Bb7 15. Bd3 e5 16. Nd5 Qd8 17. Nf5 Bxd5 18. cxd5 b5 19. Bxa7 Rxa7 20. Nd6+ Ke7 21. Nc8+ Qxc8 22. d6+ Kxd6 23. Be2+ Ke7 24. Rxc8 Rxc8 25. fxe5 {Tatai,S-Zichichi,A Sottomarina 1970 1-0 (53)}) ({RR} 10... Ng6 11. O-O Bd6 12. Kh1 Bf4 13. Bxf4 Nxf4 14. Rc1 b6 15. Bf3 Bb7 16. e5 Ng4 17. Qd2 g5 18. Ndb5 axb5 19. Nxb5 Qxe5 20. Rce1 Bxf3 21. Rxe5 Bxg2+ 22. Kg1 Nxe5 23. f3 Bxf1 24. Kxf1 O-O 25. Qc3 {Juhnke,J (2286)-Schulz,T Germany 2005 0-1}) 11. Bxc4 Qxc4 12. Rc1 Qc7 13. Ncb5 Qb8 14. Nc7+ Kd8 15. O-O Ra7 16. Ndxe6+ fxe6 17. Nxe6+ Ke7 18. Nf4 Rh6 19. e5 Qxe5 20. Rxc8 Kf7 21. Qb3+ d5 22. Bxa7 Qxf4 23. Qxb7+ Kg8 24. Be3 1-0

[Event "45th FIDE Chess Olympiad Open"]
[Site "Budapest, Hungary"]
[Date "2024.09.11"]
[Round "1.158"]
[White "Eichab, Charles"]
[Black "Hillarp Persson, Tiger"]
[Result "0-1"]
[WhiteElo "2013"]
[BlackElo "2457"]
[PlyCount "58"]
[EventDate "2024.??.??"]
[WhiteTeam "Namibia"]
[BlackTeam "Sweden"]
[WhiteTeamCountry "NAM"]
[BlackTeamCountry "SWE"]
[WhiteClock "0:00:33"]
[BlackClock "0:27:39"]

1. c4 e5 2. Nc3 Bb4 3. g3 Bxc3 4. bxc3 d6 5. Bg2 Nc6 6. d3 Nge7 7. Nf3 O-O 8. O-O ({RR} 8. e4 Be6 9. O-O f6 10. Be3 Qd7 11. Nd2 b6 12. f4 Bg4 13. Nf3 exf4 14. gxf4 f5 15. h3 Bh5 16. Qe1 Rae8 17. Qh4 Bxf3 18. Bxf3 fxe4 19. dxe4 Nf5 20. exf5 Rxe3 21. Bd5+ Kh8 22. Rae1 Rxc3 {Peyrer,K (2425)-Gavrilescu,D (2534) Dortmund GER 2024 ½-½ (43)}) 8... h6 9. Ne1 Be6 10. f4 $146 ({RR} 10. Rb1 Rb8 11. Be3 b6 12. Nc2 Qd7 13. Nb4 Na5 14. Bd2 f5 15. f4 e4 16. Be3 Rbe8 17. Nc2 d5 18. c5 d4 19. Bxd4 Bxa2 20. Rb2 Bd5 21. cxb6 cxb6 22. Ne3 Ba8 23. Be5 Qc8 24. c4 Rd8 {Damm,H (1506)-Bernstein,J (1665) Helsingor 2017 1-0 (47)}) ({RR} 10. Nc2 Qd7 11. Nb4 Bh3 12. Nd5 Bxg2 13. Kxg2 f5 14. Rb1 b6 {½-½ (14) Bukal,V (2419)-Fercec,N (2512) Sibenik 2005}) ({RR} 10. Rb1 b6 11. f4 exf4 12. gxf4 Qd7 13. Rb2 Rae8 14. Nf3 Bg4 15. Qe1 f5 16. Qf2 Nd8 17. Nd4 c5 18. Nc2 Bh5 19. Ne3 Bf7 20. Nd5 Ne6 21. Qg3 Kh8 22. e4 Nc7 23. Bh3 Be6 24. Rg2 Rf7 {Savon,V (2425)-Stohl,I (2455) Trnava 1989 1-0 (45)}) 10... Qd7 11. Nf3 Bh3 12. Bd2 Bxg2 13. Kxg2 Rae8 14. Rf2 Ng6 15. Qc1 f5 16. e3 e4 17. Ne1 exd3 18. Qb1 Na5 19. Qxd3 c5 20. Nc2 Re4 21. Na3 Ne7 22. Rd1 Qe6 23. Bc1 Rd8 24. h3 Kh7 25. Kf3 Nxc4 26. g4 fxg4+ 27. hxg4 Ne5+ 28. Kxe4 Qg6+ 29. f5 Qxg4+ 0-1

[Event "45th FIDE Chess Olympiad Open"]
[Site "Budapest, Hungary"]
[Date "2024.09.11"]
[Round "1.159"]
[White "Lokander, Martin"]
[Black "Schwarz, Bernhard"]
[Result "1-0"]
[WhiteElo "2469"]
[BlackElo "1875"]
[PlyCount "73"]
[EventDate "2024.??.??"]
[WhiteTeam "Sweden"]
[BlackTeam "Namibia"]
[WhiteTeamCountry "SWE"]
[BlackTeamCountry "NAM"]
[WhiteClock "1:21:10"]
[BlackClock "0:01:26"]

1. d4 e6 2. e4 d5 3. Nc3 Nf6 4. e5 Ng8 5. a3 c5 ({RR} 5... Ne7 6. Nf3 h6 7. h4 b6 8. h5 c5 9. Ne2 Nbc6 10. c3 a5 11. Ng3 a4 12. Bd3 Ba6 13. Bc2 cxd4 14. cxd4 b5 15. Ne2 Na5 16. Rh3 Nb3 17. Bxb3 axb3 18. Qxb3 Nc6 19. Qd1 b4 20. a4 {StoofvleesII d2 (3479)-Berserk13 (3540) tcec-chess.com INT 2024 1-0 (75)}) 6. dxc5 Bxc5 7. Qg4 Kf8 $146 ({RR} 7... g6 8. h4 Ne7 9. h5 Qb6 10. Qf4 gxh5 11. Rxh5 Ng6 12. Qg3 Nc6 13. Nf3 Bd7 14. Bd3 O-O-O 15. Kf1 Nd4 16. b4 Nxf3 17. bxc5 Qxc5 18. Qxf3 Qxc3 19. Rb1 Nxe5 20. Qe2 Nxd3 21. cxd3 Bc6 22. Be3 {Lima,K (2108)-Ivana Maria,F (2072) chess.com INT 2023 1-0 (63)}) 8. Nf3 Nc6 9. Bd3 Nge7 10. Na4 Bb6 11. Nxb6 Qxb6 12. O-O Ng6 13. Re1 Qc7 14. b4 Bd7 15. b5 Nce7 16. a4 a6 17. Ba3 axb5 18. axb5 Qc3 19. Bb2 Qc8 20. Rxa8 Qxa8 21. h4 h5 22. Qb4 Kg8 23. Ra1 Qb8 24. Qd6 Qxd6 25. exd6 Nc8 26. Bxg6 fxg6 27. Ra8 Kf8 28. Ne5 Ke8 29. Nxg6 Rg8 30. Ne7 Kf7 31. Nxg8 Kxg8 32. Rb8 Kf8 33. Rxb7 Ke8 34. Be5 g6 35. b6 Bc6 36. Rc7 Nxb6 37. Rxc6 1-0

[Event "45th FIDE Chess Olympiad Open"]
[Site "Budapest, Hungary"]
[Date "2024.09.11"]
[Round "1.160"]
[White "Khoa, Goodwill"]
[Black "Pantzar, Milton"]
[Result "0-1"]
[WhiteElo "1890"]
[BlackElo "2437"]
[PlyCount "88"]
[EventDate "2024.??.??"]
[WhiteTeam "Namibia"]
[BlackTeam "Sweden"]
[WhiteTeamCountry "NAM"]
[BlackTeamCountry "SWE"]
[WhiteClock "0:02:27"]
[BlackClock "0:46:44"]

1. e4 e5 2. Nf3 Nc6 3. Bc4 Nf6 4. Nc3 Nxe4 5. Nxe5 Nxe5 6. Qe2 Nxc4 7. Nxe4 ({RR} 7. Qxe4+ Qe7 8. Qxe7+ Bxe7 9. O-O O-O 10. d3 Ne5 11. Re1 Ng6 12. Nd5 Bd6 13. Bg5 f6 14. Bd2 c6 15. Nb4 a5 {0-1 (15) Koutecka,M (1042)-Frydel,H (1103) Pec pod Snezkou 2022}) 7... Be7 8. Nf6+ $146 ({RR} 8. Qxc4 d5 9. Qd4 dxe4 10. Qxg7 Bf6 11. Qg3 Qd6 12. Qe3 Qd4 13. O-O Qxe3 14. dxe3 Be6 15. Rb1 Bxa2 16. Ra1 Be6 17. Ra4 O-O-O 18. Rxa7 Kb8 19. Ra4 Rhg8 20. Rxe4 Bd5 21. Rf4 Rxg2+ 22. Kh1 Rxf2+ {Zixin,L (987)-Bardorz,J (1722) Willingen 2018 0-1}) ({RR} 8. Qxc4 d5 9. Qd4 dxe4 10. Qxg7 Bf6 11. Qh6 Bg4 12. Qf4 Be6 13. O-O Qe7 14. Qxe4 O-O-O 15. d3 Bd5 16. Qg4+ Kb8 17. g3 Be6 18. Qf3 h5 19. Bf4 Bd5 20. Qd1 h4 21. Re1 Qd7 22. f3 hxg3 {Stubsgaard,A (1061)-Munksgaard,D (2022) Esbjerg 2008 0-1}) ({RR} 8. Qxc4 d5 9. Qd4 dxe4 10. Qxe4 O-O 11. O-O c6 12. d3 Re8 13. Re1 Be6 14. Bd2 Bf6 15. c3 Qd7 16. d4 Bxa2 17. Qd3 Rxe1+ 18. Rxe1 c5 19. Ra1 Be6 20. Be3 cxd4 21. cxd4 a6 22. Rd1 Bd5 {Zamuda,A-Krivec,J (2120) Maribor 1997 0-1}) 8... gxf6 9. Qxc4 d5 10. Qe2 Rg8 11. g3 Bh3 12. d4 Qd7 13. Be3 O-O-O 14. O-O-O Rde8 15. a3 Bf8 16. Qd2 Bg2 17. Rhg1 Bf3 18. Rde1 Bd6 19. h4 Re6 20. Qc3 Rge8 21. Bd2 Rxe1+ 22. Rxe1 Rxe1+ 23. Bxe1 Qe6 24. b4 Qe2 25. Qd2 Qxd2+ 26. Kxd2 Be4 27. c3 Kd7 28. Ke3 Bb1 29. Kd2 Bf8 30. Ke3 Kc6 31. a4 Bc2 32. a5 Kb5 33. Kd2 Bg6 34. f4 Bf5 35. Bf2 b6 36. axb6 cxb6 37. Be1 Kc4 38. Bf2 a5 39. bxa5 bxa5 40. Be1 a4 41. Kc1 Ba3+ 42. Kd1 Bb2 43. g4 Bxg4+ 44. Kc2 a3 0-1

[Event "45th FIDE Chess Olympiad Open"]
[Site "Budapest, Hungary"]
[Date "2024.09.11"]
[Round "1.161"]
[White "Giasi, Viresh"]
[Black "Nogerbek, Kazybek"]
[Result "0-1"]
[WhiteElo "1998"]
[BlackElo "2519"]
[PlyCount "72"]
[EventDate "2024.??.??"]
[WhiteTeam "Suriname"]
[BlackTeam "Kazakhstan"]
[WhiteTeamCountry "SUR"]
[BlackTeamCountry "KAZ"]
[WhiteClock "0:01:37"]
[BlackClock "0:20:04"]

1. d4 Nf6 2. c4 b6 3. Nc3 Bb7 4. f3 Nc6 5. e4 e5 6. Nge2 exd4 7. Nxd4 Nxd4 8. Qxd4 Bc5 9. Qe5+ Be7 10. Bf4 $146 ({RR} 10. Be3 O-O 11. Bd3 Re8 12. Qf4 Bd6 13. Qh4 Be5 14. O-O c6 15. f4 Bxc3 16. e5 Ne4 17. Qxd8 Raxd8 18. Bxe4 {0-1 (18) Nadal,A (1953)-Park,E (2036) Guayaquil 2019}) 10... d6 11. Qd4 O-O 12. O-O-O Nd7 13. Nd5 Bxd5 14. Qxd5 a5 15. e5 Bg5 16. g3 Nxe5 17. Bxg5 Qxg5+ 18. f4 Qh6 19. Qd2 Nd7 20. Bg2 Rad8 21. Rde1 a4 22. Re3 Qh5 23. Qd4 Qa5 24. Rhe1 a3 25. b3 b5 26. Bc6 bxc4 27. Qxc4 Nf6 28. Qd4 Rb8 29. R1e2 Rb4 30. Qd2 Qb6 31. Rc3 h6 32. Qe1 Rb8 33. Qd2 Rd4 34. Qc2 d5 35. Qf5 Re4 36. Kd2 Qd4+ 0-1

[Event "45th FIDE Chess Olympiad Open"]
[Site "Budapest, Hungary"]
[Date "2024.09.11"]
[Round "1.162"]
[White "Suleymenov, Alisher"]
[Black "Yeung, Jason"]
[Result "1-0"]
[WhiteElo "2484"]
[BlackElo "1993"]
[PlyCount "97"]
[EventDate "2024.??.??"]
[WhiteTeam "Kazakhstan"]
[BlackTeam "Suriname"]
[WhiteTeamCountry "KAZ"]
[BlackTeamCountry "SUR"]
[WhiteClock "0:03:53"]
[BlackClock "0:00:37"]

1. d4 d5 2. c4 c6 3. Nf3 Nf6 4. Nc3 dxc4 5. e4 b5 6. a4 b4 7. Na2 a5 8. e5 ({RR} 8. Bxc4 Ba6 9. Bxa6 Nxa6 10. e5 Nd5 11. e6 f6 12. O-O g6 13. Bd2 Bg7 14. Nc1 c5 15. Qe2 O-O 16. Nb3 Qd6 17. Nxa5 cxd4 18. Nxd4 f5 19. Nc4 Qc5 20. Nb5 Nac7 21. Nxc7 Qxc7 22. a5 f4 {Ter Sahakyan,S (2616)-Kosteniuk,A (2488) chess.com INT 2024 0-1 (84)}) 8... Nd5 9. Bxc4 e6 10. Bg5 Qb6 $146 ({RR} 10... Be7 11. Bxe7 Qxe7 12. Nc1 O-O 13. O-O Nd7 14. Nb3 Bb7 15. Rc1 N5b6 16. Bd3 Rfc8 17. Be4 Nd5 18. Qc2 h6 19. Nc5 Nxc5 20. Qxc5 Qxc5 21. Rxc5 Nb6 22. b3 Nd5 23. Bxd5 cxd5 {½-½ (23) Di Franco,P (2059)-Wilke,C (1958) Nordrheinwestfalen 2017}) ({RR} 10... Be7 11. Bxe7 Qxe7 12. O-O Ba6 13. Qd3 Bxc4 14. Qxc4 Nb6 15. Qc2 O-O 16. Nc1 Rc8 17. Nb3 N8d7 18. Rac1 h6 19. Nfd2 f6 20. f4 f5 21. Nc4 Nxc4 22. Qxc4 Kf7 23. g3 Nb6 24. Qc5 Nd7 25. Qxe7+ {Rains,T (1834)-Qin,O (1430) Auckland 2019 1-0 (60)}) 11. O-O h6 12. Bh4 Ba6 13. Rc1 Nd7 14. Re1 g5 15. Bg3 Be7 16. h3 Bxc4 17. Rxc4 c5 18. dxc5 Nxc5 19. Nd4 Rd8 20. Nc1 Qa6 21. Qc2 Nb6 22. Rxc5 Rxd4 23. Rb5 O-O 24. Qc6 Bd8 25. Nb3 Rc4 26. Nc5 Qc8 27. Qxc8 Nxc8 28. Nd7 Re8 29. Nf6+ Kf8 30. Nxe8 Kxe8 31. f3 Rc2 32. Bf2 Ne7 33. Rb1 Nd5 34. Rc5 Rxf2 35. Kxf2 Bb6 36. Rbc1 Nc3 37. bxc3 Bxc5+ 38. Ke2 Kd7 39. cxb4 Bxb4 40. Kd3 h5 41. Ke4 h4 42. Rc2 Be7 43. f4 gxf4 44. Kxf4 Ke8 45. Kg4 Kd7 46. Rf2 Ke8 47. Kh5 Kf8 48. Rf4 Kg7 49. Rc4 1-0

[Event "45th FIDE Chess Olympiad Open"]
[Site "Budapest, Hungary"]
[Date "2024.09.11"]
[Round "1.163"]
[White "Kalidjo, Imaan"]
[Black "Zhalmakhanov, Ramazan"]
[Result "0-1"]
[WhiteElo "1934"]
[BlackElo "2497"]
[PlyCount "46"]
[EventDate "2024.??.??"]
[WhiteTeam "Suriname"]
[BlackTeam "Kazakhstan"]
[WhiteTeamCountry "SUR"]
[BlackTeamCountry "KAZ"]
[WhiteClock "0:02:50"]
[BlackClock "0:42:03"]

1. d4 Nf6 2. e3 d5 3. Bd3 Bg4 4. Nf3 c6 5. Nbd2 Nbd7 6. h3 Bh5 7. g4 Bg6 8. Qe2 e6 9. e4 dxe4 10. Nxe4 Nxe4 11. Bxe4 Nf6 12. Bd3 $146 ({RR} 12. Bxg6 hxg6 13. Bg5 Qa5+ 14. Bd2 Qc7 15. O-O-O O-O-O 16. Bg5 Bd6 17. Ne5 Bxe5 18. dxe5 Rxd1+ 19. Kxd1 Nd7 20. Bd2 Qxe5 21. Qxe5 Nxe5 22. Re1 Nf3 23. Re3 Rxh3 24. Ke2 Nd4+ 25. Kd3 Rxe3+ 26. Bxe3 Nb5 {Stewart,A (1648)-Doyle,J (2049) Dunbartonshire 2011 ½-½ (57)}) 12... Qd5 13. Bd2 Bxd3 14. Qxd3 h5 15. g5 Ne4 16. c4 Qf5 17. Qe3 Nxd2 18. Nxd2 Bd6 19. h4 Bf4 20. Qe2 Bxd2+ 21. Kxd2 O-O-O 22. Kc3 Qa5+ 23. Kc2 Rxd4 0-1

[Event "45th FIDE Chess Olympiad Open"]
[Site "Budapest, Hungary"]
[Date "2024.09.11"]
[Round "1.164"]
[White "Ansat, Aldiyar"]
[Black "Chashawa, Shaief"]
[Result "1-0"]
[WhiteElo "2457"]
[BlackElo "1825"]
[PlyCount "55"]
[EventDate "2024.??.??"]
[WhiteTeam "Kazakhstan"]
[BlackTeam "Suriname"]
[WhiteTeamCountry "KAZ"]
[BlackTeamCountry "SUR"]
[WhiteClock "0:07:43"]
[BlackClock "0:01:23"]

1. e4 e5 2. Nf3 Nf6 3. d4 Nxe4 4. Bd3 Nc6 5. Nxe5 Nxe5 6. dxe5 d5 7. exd6 Nxd6 8. Qf3 ({RR} 8. O-O Be7 9. Qf3 O-O 10. Nc3 Be6 11. Bf4 Bg5 12. Qh5 h6 13. Bxd6 Qxd6 14. Ne4 Qe5 15. Nxg5 Qxg5 {½-½ (15) Belyakov,B (2416)-Zvjaginsev,V (2572) Ufa RUS 2024}) 8... Be6 9. Nc3 Be7 $146 ({RR} 9... Qh4 10. Ne4 c6 11. Bf4 Nxe4 12. Bxe4 Rd8 13. O-O Be7 14. Qe3 a6 15. Bg3 Qg5 16. Qb6 Rd7 17. h4 Qh5 18. Bf3 Bg4 19. Rad1 Rxd1 20. Rxd1 Bxf3 21. Qxb7 O-O 22. gxf3 Bxh4 23. Bxh4 Qxh4 24. Qxc6 {Zufic,M (2366)-Nikcevic,N (2387) Pula 2022 1-0 (39)}) ({RR} 9... g6 10. Ne4 Nxe4 11. Bxe4 c6 12. O-O Bg7 13. Rd1 Qc7 14. Bf4 Be5 15. Bxe5 Qxe5 16. Re1 Qg5 17. Qa3 {½-½ (17) Sutovsky,E (2697)-Ponomariov,R (2710) Mallorca 2004}) 10. Bf4 c6 11. Qg3 g5 12. Be5 f6 13. O-O-O Qc7 14. Bg6+ hxg6 15. Bxd6 Qa5 16. Rhe1 Qf5 17. Bxe7 Kxe7 18. Qc7+ Kf8 19. Rd6 Qf4+ 20. Kb1 Rc8 21. Qxc8+ Bxc8 22. Rd8+ Kf7 23. Rxh8 Bf5 24. Rh7+ Kf8 25. Re2 Bg4 26. f3 Qd4 27. a3 Bf5 28. g4 1-0